000 00423nam a2200193Ia 4500
003 IT-RoPAU
008 120407s9999 xx 000 0 und d
040 _aIT-RoPAU
040 _cIT-RoPAU
041 _aita
100 _aGiuseppe Ungaretti
245 _aUn’antologia delle opere a cura di L. Piccioni.
260 _aMondadori
300 _c cm
490 _aOscar
490 _v1
942 _cBK
999 _c23689
_d23689